000 01013nam0a2200265 4500
001 RU\NLR\b_ik\97133
005 20260407084418.0
010 _a5-85165-700-6
_9220
035 _a(NLR Aleph) 002171087
090 _a2655404
_c2655404
100 _a20030418d2002 |||y0rusy50 ca
101 0 _aeng
102 _aRU
105 _aa |||||||||
200 1 _aHeavy ion physics
_eVII Intern. school-seminar, May 27-June 1, 2002, Dubna, Russia
_eAbstracts
210 _aDubna
_cJoint inst. for nuclear research
_d2002
215 _a104 с.
_cил.
_d22
606 0 _aИоны тяжелые
_jСъезды, совещания и т.п.
_91044852
_3RU\NLR\AUTH\6684934
606 0 _aТяжелые ионы
_jСъезды, совещания и т.п.
_92296985
_3RU\NLR\AUTH\661375382
686 4 _aВ383.56я431(0)
711 1 2 _8eng
_aInternational school-seminar on heavy ion physics
_f2002
_eDubna
_7ba
_3RU\NLR\AUTH\8810045431
_9590344
801 0 _aRU
_bNLR
_c20030418
_gPSBO
942 _cBOOK
980 _aNB